Quizzes
Events
Quiz Creation
Community
Videos
Private Events
Remove Ads
Sign In
Join for FREE
Feedback
Dark Mode
Quiz Categories
Sports
Geography
Music
Movies
Television
Just For Fun
Miscellaneous
History
Literature
Language
Science
Gaming
Entertainment
Religion
Holiday
For Kids
Quiz Lab
Recent
Popular Today
Quiz Kudos Today
Editor Picks
Curator Picks
Quizzes by...
Day
Popularity
Type
Ratings
Length
Year
Community
Subscriptions
Recent Discussions
Orange Saloon
Badges
Playlists
Quests
Create
Leaderboards
Showdown
Live 5
Trivia Bingo
Activity
Puzzle Library
Sporcle Events
Private Events
Virtual Trivia
Globe League
Become a Host
Pub Owners
SporcleCon
Opinionation
Our Games
Videos
Blog
Mobile Apps
Partnerships
Remove Ads and Go Orange
Feedback
Sports
Athletes
MLB
NBA
NHL
NFL
Soccer
Sports Teams
WWE
NCAA
Football
Premier League
Basketball
Baseball
Hockey
Golf
Tennis
Cricket
Rugby
Auto Racing
Olympics
World Cup
Sports
Athletes
MLB
NBA
NHL
NFL
Soccer
Sports Teams
WWE
NCAA
Football
Premier League
Basketball
Baseball
Hockey
Golf
Tennis
Cricket
Rugby
Auto Racing
Olympics
World Cup
Random Quiz
Search Sporcle
×
Quiz Lab
Quiz Lab
Sports
Football
Type in answers that appear in a list
Type in answers that appear in a list
Classic
Best Score? Go Orange.
Wests Tigers NRL Players 2013 Stats
Can you name the Wests Tigers NRL Players 2013?
By
Elizzy19
10m
39 Questions
187 Plays
187 Plays
187 Plays
Comments
Comments
Give Quiz Kudos
Give Quiz Kudos
-
- Ratings
hide this ad
More Info
Replay
Link that replays current quiz
Next Quiz
Link to next quiz in quiz playlist
You Got
0%
They Got
Avg Score
37%
Avg Friend Score
Upgrade to see
Score Distribution
Jump to the score distribution portion of the page
Score
0/39
Timer
10:00
0
Plays Today
Position
Name
% Correct
Five-
Eighth
Benji Marshall
93%
Hooker
Robbie Farah
87.7%
Centre
Chris Lawrence
70.6%
Halfback
Luke Brooks
66.2%
Prop
Aaron Woods
65.8%
Full-
Back
James Tedesco
62%
Half-
Back /
Full-
Back
Tim Moltzen
58.3%
Wing /
Centre
Tim Simona
55.1%
Prop
Keith Galloway
54%
Five-
Eighth /
Lock
Braith Anasta
52.4%
Lock
Liam Fulton
51.9%
Centre
Blake Ayshford
49.2%
Prop /
Second Row
Adam Blair
45.5%
Five-
Eighth
Curtis Sironen
45.5%
Coach
Mick Potter
44.4%
Wing
David Nofoaluma
42.2%
Wing
Lote Tuqiri
41.2%
Wing
Matt Utai
40.6%
Wing
Marika Koroibete
36.9%
Second Row
Sauaso Sue
33.7%
Position
Name
% Correct
Prop /
Second Row
Ben Murdoch-Masila
33.2%
Half-
Back
Jacob Miller
31%
Centre /
Wing /
Full-
Back
Joel Reddy
31%
Prop /
Second Row
Jack Buchanan
29.4%
Second Row /
Lock
Bodene Thompson
28.9%
Hooker
Masada Iosefa
24.1%
Prop
Ava Seumanufagai
24.1%
Prop /
Second Row
Eddy Pettybourne
22.5%
Prop
Matt Groat
21.4%
Utility
Sean Meaney
20.3%
Prop
Matt Bell
19.8%
Hooker
Joel Luani
18.8%
Second Row
Shaun Spence
18.2%
Prop
Nathan Brown
16.5%
Prop
James Gavet
16%
Second Row
Jarred Farlow
11.3%
Prop
Mosese Fotuaika
11.2%
Second Row
Sitaleki Akauola
6.8%
Second-
Row
Taqele Naiyaravoro
5.3%
Quiz Playlist
Details
Report
Send in Message
Add To Playlist
More Info:
Players are according to Wests Tigers NRL Player Profiles on their website. 15/11/13: Now updated for all players who played in 2013
Classic:
Type in answers that appear in a list
Last Updated: Feb 16, 2017
Quiz Scoreboard
CHALLENGE
Sign Up to Join the Scoreboard
Show All
Scores
Hide
Comments
May contain spoilers
Recently Published
9x9 Crossword: Cartoon Network
by jackfrog10
Miscellaneous
3m
College Basketball Coaching Resumes
by pancakes188
Sports
9m
Billboard Blitz: Fleetwood Mac
by CooCooCachoo
Music
15s
More to Explore
Quiz From the Vault
Featured Blog Post
Where Did the Easter Bunny Come From?
hide this ad
You Might Also Like...
Tags
Football Quiz
Rugby Quiz
Australia
Australian
Australian Football
Football Clubs
nrl
NRL Premiership
Today's Top Quizzes in Sports
Browse Sports
hide this ad
Today's Top Quizzes in Football
Browse Football
Top Contributed Quizzes in Sports
1
2022 World Cup Stars
2
Les meilleurs buteurs des matchs entre le PSG et l’OM
3
FIFA Club World Cup Champions
4
Les entraîneurs de l'OM et du PSG au 21e siècle
5
Criteria MLB: Left Handed Sluggers
6
AFC Teams Reveal (Wrong Answers Minefield)
7
2023 MLB Unique Player Accomplishments
8
Players with Multiple 50 Home Run Seasons
9
5-to-1: FBS Animal Nicknames
10
5-to-1: UK Sports Teams
Explore More
Trending Topics
NBA
Kpop
Crossword
Harry Potter
Marvel
Anime
Disney
Song
WWE
NFL
Country
Pokémon
Puzzle
Soccer
The Office
hide this ad
More By:
Elizzy19
Quiz
Plays
Rating
Category
Featured
Created
Home & Away Regular Characters (1988 - 2014)
5,930
4.00
Television
Jan 5, 2014
Which of these Harry Potter Characters Died?
2,061
2.63
Literature
Apr 29, 2012
First 5 Harry Potter Characters to Speak in Each Book
801
3.25
Literature
Apr 13, 2012
Sea Patrol Name Chain
766
Television
Mar 31, 2012
V8 Supercar Drivers 2012
405
Sports
May 7, 2012
Go to Creator's Profile
Score Distribution
Quiz Creator Spotlight
Elizzy19
Follow
Send a Message
Quizzes Created
-
Created Quiz Play Count
-
More By This Creator
Popular Quizzes Today
1
Find the US States - No Outlines Minefield
2
Find the Countries of Europe - No Outlines Minefield
3
The Countries of the World
4
Find the US States
5
Risky Map Clicking: Biggest States A-Z
6
US States
7
Popular People in 1961
8
Movies - When Are They Set?
More Sports Quizzes
Pep Guardiola - Coach Career
Quiz Lab
Trending Quizzes
Risky Map Clicking: Least Populous States A-Z
1-10 Letter G Words
1-10 Letter F Words
Risky Map Clicking: Next State Alphabetically
Adjectives in 80s TV Shows
Recently Updated
Leaping Animals
pecheneg
Reality TV Shows (A-Z)
bhenderson79
Rickey Henderson's Hall of Fame Teammates
pecheneg
Champions League XIs: Arsenal
pecheneg
Quick Pick: Celebrities in WWE's Hall of Fame
aduchscher
A-Z Keypad Blitz II
pecheneg
Multiple Oscar Actors
pecheneg
Mystery Phrase Blitz: Oscar 'Best Actors'
pecheneg
F. Scott Fitzgerald Novels
LTH
Pick 3 Villains
ddd62291
Trending Topics
Anime
Disney
NBA
Marvel
Harry Potter
Crossword
Kpop
Song
WWE
Soccer
Pokémon
Country
NFL
The Office
Puzzle
Your Account Isn't Verified!
In order to create a playlist on Sporcle, you need to verify the email address you used during registration. Go to your
Sporcle Settings
to finish the process.
Report this User
Report this user for behavior that violates our
Community Guidelines
.
Details:
Send Report
Go to the Sporcle.com Mobile Site →
Comments